000 00311nam a22001457a 4500
008 221202b ||||| |||| 00| 0 eng d
020 _a9780895828842
041 _aeng
080 _a611
082 _a611BOW
100 _a10
101 _aANATO
245 _aSKELETAL MUSCLES
_cBOWDEN S B
942 _2udc
_cBK
999 _c59072
_d59072